[Event "Euro Online U2300 Day 1"]
[Site "chess.com INT"]
[Date "2020.05.25"]
[Round "4"]
[White "Goltseva, Ekaterina"]
[Black "Hryzlova, Sofiia"]
[Result "1-0"]
[WhiteTitle "FM"]
[WhiteElo "2306"]
[BlackElo "1940"]
[WhiteFideId "24173770"]
[BlackFideId "14174669"]
[EventDate "2020.05.25"]

1. d4 Nf6 2. c4 e6 3. g3 d5 4. Bg2 dxc4 5. Nf3 a6 6. O-O Nc6 7. a4 Bb4 8. Na3 c3
9. Qb3 cxb2 10. Bxb2 O-O 11. Ne5 a5 12. Nxc6 bxc6 13. Bxc6 Ra6 14. Bg2 Bd7 15.
Rac1 Qe8 16. Rxc7 Bxa4 17. Qd3 Rd6 18. e4 Rd7 19. Rfc1 Qb8 20. Rxd7 Bxd7 21. d5
exd5 22. Bxf6 gxf6 23. exd5 Re8 24. Nc4 Bb5 25. Qf5 Bxc4 26. Rxc4 Re1+ 27. Bf1
Qe5 28. Qc8+ Kg7 29. Rg4+ Kh6 30. Qg8 Qg5 31. Rxg5 fxg5 32. Qxf7 Rd1 33. Qf6+
Kh5 34. Qf3+ 1-0

[Event "Euro Online U2300 Day 1"]
[Site "chess.com INT"]
[Date "2020.05.25"]
[Round "4"]
[White "Antova, Gabriela"]
[Black "Pankratov, Oleg"]
[Result "1-0"]
[WhiteTitle "FM"]
[WhiteElo "2255"]
[BlackElo "2104"]
[WhiteFideId "2915235"]
[BlackFideId "24115290"]
[EventDate "2020.05.25"]

1. e4 g6 2. d4 Bg7 3. c4 d6 4. Nc3 Nf6 5. Nf3 O-O 6. Be2 e5 7. Be3 Nbd7 8. O-O
exd4 9. Nxd4 Nc5 10. f3 a5 11. Qd2 Re8 12. Ndb5 Ne6 13. Rfd1 Nd7 14. Kh1 h5 15.
f4 Nec5 16. Bf3 a4 17. e5 Bf8 18. exd6 cxd6 19. Bf2 Ra6 20. Re1 Nf6 21. Rxe8
Nxe8 22. Bxc5 Be6 23. Bxb7 Ra5 24. Bb4 Bxc4 25. Bxa5 Qxa5 26. Nd4 Bg7 27. Rd1 a3
28. bxa3 Qxa3 29. Bc6 Nc7 30. Ncb5 Nxb5 31. Bxb5 Bxa2 32. Ra1 Qc5 33. Rxa2 Bxd4
34. Qe2 Qc1+ 35. Qf1 Qe3 36. Re2 Qb3 37. Bc4 Qb7 38. h3 Kg7 39. f5 g5 40. Rd2
Be5 41. Qd3 Qa7 42. Rd1 g4 43. hxg4 hxg4 44. g3 Qb7+ 45. Bd5 Qb2 46. Qd2 Qb5 47.
Qg5+ Kf8 48. Qxg4 Qc5 49. Qh5 Qa7 50. Qg4 Qf2 51. Rb1 Qa7 52. Rb7 Qa1+ 53. Kg2 1-0

[Event "Euro Online U2300 Day 1"]
[Site "chess.com INT"]
[Date "2020.05.25"]
[Round "4"]
[White "Materia, Marco"]
[Black "Sivan, Yaacov"]
[Result "1-0"]
[WhiteTitle "FM"]
[BlackTitle "IM"]
[WhiteElo "2269"]
[BlackElo "2312"]
[WhiteFideId "45150451"]
[BlackFideId "2800730"]
[EventDate "2020.05.25"]

1. d4 Nf6 2. c4 c5 3. d5 e5 4. Nc3 d6 5. e4 Be7 6. Be2 Nbd7 7. Nf3 Nf8 8. O-O
Ng6 9. Re1 h5 10. a3 a5 11. Qd3 h4 12. Bd1 Nh5 13. Ba4+ Kf8 14. Qf1 Nhf4 15.
Bxf4 Nxf4 16. Bd1 g5 17. Bc2 Bg4 18. Nd2 Qd7 19. Re3 Bf6 20. Bd1 Ke7 21. Bxg4
Qxg4 22. h3 Qd7 23. Nf3 g4 24. Nh2 gxh3 25. gxh3 Rag8+ 26. Kh1 Rg6 27. Ne2 Nh5
28. Ng4 Bg5 29. Rf3 Bf4 30. Ne3 Bxe3 31. fxe3 f6 32. Rf5 Rg3 33. Qf2 Rhg8 34.
Kh2 R8g6 35. Rf1 Ng7 36. Rg1 Nxf5 37. exf5 Rxg1 38. Nxg1 Rg5 39. e4 Qa4 40. Nf3
Qxc4 41. Nxg5 fxg5 42. f6+ Kf7 43. Qf5 Qe2+ 44. Kg1 Qe1+ 45. Kg2 Qg3+ 46. Kh1
Qe1+ 47. Kg2 Qd2+ 48. Kh1 Qc1+ 49. Kg2 Qxb2+ 50. Kf3 Qb3+ 51. Kg4 Qd1+ 52. Kxg5
Qd2+ 53. Kh5 Qg2 54. Qe6+ Kf8 55. Qe7+ Kg8 56. f7+ 1-0

[Event "Euro Online U2300 Day 1"]
[Site "chess.com INT"]
[Date "2020.05.25"]
[Round "4"]
[White "Mekhane, Adam"]
[Black "Khodko, Yurii N."]
[Result "1-0"]
[WhiteElo "2013"]
[BlackElo "2048"]
[WhiteFideId "36050601"]
[BlackFideId "24264717"]
[EventDate "2020.05.25"]

1. e4 e6 2. d4 d5 3. Nd2 Nf6 4. e5 Nfd7 5. Ngf3 c5 6. c3 Nc6 7. Bd3 cxd4 8. cxd4
Qb6 9. O-O Nxd4 10. Nxd4 Qxd4 11. Nf3 Qb6 12. Qa4 Bc5 13. Qg4 g6 14. Bh6 Bf8 15.
Bxf8 Kxf8 16. b4 h5 17. Qf4 Kg7 18. a4 a5 19. Bb5 Qd8 20. Rac1 Qe7 21. Rc7 Rd8
22. Ng5 axb4 23. Rb1 b6 24. Rb3 Ba6 25. Bxd7 Rxd7 26. Qf6+ Qxf6 27. exf6+ Kxf6
28. Rxd7 Kxg5 29. Rxb4 Bc4 30. Rxf7 b5 31. h4+ Kxh4 32. axb5 Kg5 33. b6 Rb8 34.
Ra7 e5 35. b7 d4 36. Ra8 Rxb7 37. Rxb7 Bd5 38. Rab8 Bxb7 39. Rxb7 e4 40. f3 exf3
41. gxf3 Kf5 42. Kf2 h4 43. Rd7 Ke5 44. Kg2 g5 45. Kh3 Kf4 46. Rxd4+ Kxf3 47.
Rg4 Kf2 48. Rxg5 Kf3 49. Kxh4 Kf4 50. Rg8 Kf3 51. Rf8+ Ke4 52. Re8+ Kf5 53. Rf8+
Ke5 54. Kg5 Ke4 55. Rf7 Ke3 56. Kg4 Ke2 57. Rf3 Ke1 58. Kf4 Ke2 59. Ke4 Kd2 60.
Rh3 Kd1 61. Rh2 Kc1 62. Kd3 Kb1 63. Kc3 Kc1 64. Rh1# 1-0

[Event "Euro Online U2300 Day 1"]
[Site "chess.com INT"]
[Date "2020.05.25"]
[Round "4"]
[White "Varvadoukas, Theodoros"]
[Black "Linnanen, Lassi"]
[Result "1-0"]
[WhiteElo "2152"]
[BlackElo "2185"]
[WhiteFideId "4210735"]
[BlackFideId "500976"]
[EventDate "2020.05.25"]

1. c4 c5 2. Nf3 Nf6 3. g3 g6 4. Bg2 Bg7 5. O-O O-O 6. Nc3 Nc6 7. d4 cxd4 8. Nxd4
Qa5 9. Nc2 d6 10. a3 Qh5 11. e4 Bg4 12. f3 Be6 13. Qe2 Ne5 14. Nd5 Nxd5 15. cxd5
Bh3 16. Be3 f5 17. exf5 gxf5 18. Nd4 f4 19. Bxf4 Ng6 20. Ne6 Bxg2 21. Kxg2 Qxd5
22. Nxf8 Nxf4+ 23. gxf4 Rxf8 24. Qxe7 Rxf4 25. Rad1 Bd4 26. Rc1 Bc5 27. b4 Rf7
28. Qe8+ Rf8 29. Qe4 Qd2+ 30. Kh1 Bb6 31. Qxb7 Kh8 32. Rc8 Rxc8 33. Qxc8+ Kg7
34. Qd7+ Kf6 35. Qg4 1-0

[Event "Euro Online U2300 Day 1"]
[Site "chess.com INT"]
[Date "2020.05.25"]
[Round "4"]
[White "Musyuk, Lior"]
[Black "Svitojus, Zygimantas"]
[Result "0-1"]
[WhiteTitle "FM"]
[WhiteElo "2343"]
[BlackElo "2033"]
[WhiteFideId "2816784"]
[BlackFideId "12805777"]
[EventDate "2020.05.25"]

1. e4 c5 2. Nf3 e6 3. d4 cxd4 4. Nxd4 a6 5. c4 Qc7 6. Nc3 Nf6 7. f3 Bb4 8. Be2
d5 9. exd5 exd5 10. O-O Bxc3 11. bxc3 O-O 12. Bg5 Nbd7 13. cxd5 Nxd5 14. c4 Nc3
15. Qd2 Nxe2+ 16. Qxe2 Qc5 17. Be3 Re8 18. Qf2 Qxc4 19. Rac1 Qd3 20. Rfe1 Nf6
21. Bg5 Be6 22. Bxf6 gxf6 23. Qh4 Rad8 24. Re4 Rxd4 25. Qxf6 Rxe4 26. Qg5+ Kf8
27. Qh6+ Ke7 28. Qg5+ Kd7 29. fxe4 Rc8 30. Rf1 Qd4+ 31. Kh1 Rc2 32. Qh5 Qd3 33.
Rxf7+ Bxf7 34. Qxf7+ Kd6 35. Qf6+ Kc5 36. Qg5+ Kc4 37. Qg8+ Kc3 38. Qg7+ Kb4 39.
Qxb7+ Ka3 40. Qe7+ Kxa2 41. Qe6+ Kb1 42. Qb6+ Rb2 43. Qg1+ Ka2 0-1

[Event "Euro Online U2300 Day 1"]
[Site "chess.com INT"]
[Date "2020.05.25"]
[Round "4"]
[White "Lystsov, Leonid"]
[Black "Levitan, Tal"]
[Result "1-0"]
[WhiteTitle "CM"]
[WhiteElo "2038"]
[BlackElo "2126"]
[WhiteFideId "44173873"]
[BlackFideId "2804603"]
[EventDate "2020.05.25"]

1. Nf3 d5 2. c4 e6 3. g3 dxc4 4. Bg2 a6 5. O-O Nf6 6. a4 Nc6 7. Qc2 Be7 8. Qxc4
O-O 9. d4 Rb8 10. Nc3 Bd7 11. Rd1 Na7 12. Bf4 Bd6 13. Bxd6 cxd6 14. e4 Nxe4 15.
Nxe4 d5 16. Qc5 b6 17. Qc2 dxe4 18. Qxe4 Bc6 19. Qd3 a5 20. b3 g6 21. Rac1 Qd6
22. Qa6 Nc8 23. Ne5 Bxg2 24. Kxg2 Ne7 25. Qb5 Rfd8 26. Rc4 Qd5+ 27. Qxd5 Rxd5
28. Rc7 Re8 29. Nd7 Kg7 30. Nxb6 Rd6 31. Nc4 Rd5 32. Ne3 Rd6 33. Rc5 Rb8 34. Nc4
Rd5 35. Nxa5 Rbd8 36. Rxd5 Nxd5 37. Kf3 Rc8 38. Nc4 Rb8 39. Rb1 Nb4 40. Ke3 Rd8
41. Kd2 Nc6 42. Kc3 Nxd4 43. b4 Ne2+ 44. Kc2 Nd4+ 45. Kb2 Nf3 46. b5 Nxh2 47. a5
Ng4 48. b6 Nxf2 49. a6 Nd3+ 50. Kc3 Nc5 51. a7 Ra8 52. b7 Nxb7 53. Rxb7 1-0

[Event "Euro Online U2300 Day 1"]
[Site "chess.com INT"]
[Date "2020.05.25"]
[Round "4"]
[White "Gabriel, Josef"]
[Black "Mishin, Alexei"]
[Result "0-1"]
[WhiteElo "2046"]
[BlackElo "2206"]
[WhiteFideId "4609948"]
[BlackFideId "4157940"]
[EventDate "2020.05.25"]

1. e4 e5 2. Bc4 Nf6 3. d3 c6 4. Bb3 d5 5. Qe2 Bd6 6. Nf3 O-O 7. O-O Qc7 8. Nc3
d4 9. Nb1 a5 10. a3 Nbd7 11. c3 Nc5 12. Bc2 dxc3 13. bxc3 b6 14. Nbd2 Ba6 15.
Nc4 Rad8 16. Rd1 Bxc4 17. dxc4 Ne6 18. g3 Bc5 19. Bg5 Rxd1+ 20. Rxd1 Ng4 21. Rf1
h6 22. Bc1 Rd8 23. h3 Nf6 24. Nh4 Kh7 25. Nf5 Ng8 26. Kg2 g6 27. Ne3 Nf6 28. Ng4
Nxg4 29. hxg4 Qe7 30. Rh1 g5 31. Qf3 Kg7 32. Qf5 Nf8 33. f4 Nh7 34. fxe5 Bxa3
35. Be3 Bc5 36. Bc1 Re8 37. e6 fxe6 38. Qe5+ Qf6 39. Qxf6+ Nxf6 40. e5 Nxg4 41.
Kf3 Nxe5+ 42. Ke4 Nxc4 43. Bb3 Nd6+ 44. Kd3 Rf8 45. Bxe6 Rf3+ 46. Kc2 Ne4 47.
Bb2 Rf2+ 48. Kb1 Nxg3 49. Rd1 Kf6 50. Bg4 Rf1 51. c4+ Kg6 52. Rxf1 Nxf1 53. Bd7
Nd2+ 54. Kc2 Nxc4 55. Be8+ Kf5 56. Bg7 g4 57. Bxh6 g3 58. Bxc6 Ne3+ 59. Bxe3
Bxe3 60. Kd3 Kf4 61. Kc4 Bc5 62. Kd3 a4 63. Ke2 a3 0-1

[Event "Euro Online U2300 Day 1"]
[Site "chess.com INT"]
[Date "2020.05.25"]
[Round "4"]
[White "Korbal, Arkadiusz"]
[Black "Stoinev, Metodi"]
[Result "1/2-1/2"]
[WhiteElo "2113"]
[BlackElo "2202"]
[WhiteFideId "1133837"]
[BlackFideId "2901404"]
[EventDate "2020.05.25"]

1. d4 d5 2. c4 c6 3. Nf3 Nf6 4. Nc3 a6 5. cxd5 cxd5 6. Bg5 Nc6 7. e3 Ne4 8. Nxe4
dxe4 9. Nd2 Qa5 10. Bf4 e5 11. dxe5 Nxe5 12. Bxe5 Qxe5 13. Qa4+ Bd7 14. Qxe4
Qxe4 15. Nxe4 Bb4+ 16. Nc3 Bc6 17. f3 Rc8 18. Rc1 Bd5 19. a3 Ba5 20. Kf2 O-O 21.
Bd3 Bb3 22. Ne2 Rcd8 23. Nd4 Bb6 24. Bc4 Ba4 25. b3 Bd7 26. Rhd1 Rfe8 27. Nc2
Kf8 28. Rd3 Bf5 29. Rxd8 Rxd8 30. Nd4 Bxd4 31. exd4 Rxd4 32. Ke3 Rd7 33. Be2 Be6
34. b4 Ke7 35. h4 h6 36. Rc5 Bd5 37. Rc8 Kd6 38. Kf4 f6 39. Bc4 Bxc4 40. Rxc4
Ke6 41. a4 g5+ 42. hxg5 hxg5+ 43. Ke3 Rh7 44. g4 Rd7 45. Re4+ Kf7 46. Rd4 Re7+
47. Kd3 Rc7 48. b5 axb5 49. axb5 Ke6 50. Rc4 Rxc4 51. Kxc4 Kd6 52. Kd4 b6 53.
Ke4 Kc5 54. f4 Kxb5 55. fxg5 fxg5 56. Kf5 Kc5 57. Kxg5 b5 58. Kf6 b4 59. g5 b3
60. g6 b2 61. g7 b1=Q 62. g8=Q Qf1+ 63. Kg7 Qg2+ 64. Kh8 Qxg8+ 65. Kxg8 1/2-1/2

[Event "Euro Online U2300 Day 1"]
[Site "chess.com INT"]
[Date "2020.05.25"]
[Round "4"]
[White "Hovsepyan, Vardan"]
[Black "Samunenkov, Ihor"]
[Result "1-0"]
[WhiteElo "2231"]
[BlackElo "2142"]
[WhiteFideId "13304291"]
[BlackFideId "14187086"]
[EventDate "2020.05.25"]

1. e4 c5 2. Nf3 Nc6 3. d4 cxd4 4. Nxd4 g6 5. Nc3 Bg7 6. Be3 Nf6 7. Be2 O-O 8.
Nb3 d6 9. Qd2 a6 10. Bh6 b5 11. Bxg7 Kxg7 12. a3 Bb7 13. O-O Qb6 14. Rad1 Rac8
15. a4 b4 16. Nd5 Nxd5 17. exd5 Na5 18. Nxa5 Qxa5 19. b3 Qb6 20. Bc4 a5 21. Rfe1
Rc7 22. c3 bxc3 23. Qxc3+ Kg8 24. Qd3 Ra8 25. Rc1 Rac8 26. Rcd1 Ra8 27. Re4 Ba6
28. Bxa6 Qxa6 29. Qe3 Qb7 30. h4 Rb8 31. Rd3 h5 32. g4 hxg4 33. h5 Qc8 34. hxg6
fxg6 35. Re6 Qe8 36. Qg5 Kg7 37. Qxg4 Qf7 38. Rg3 Rh8 39. Qd4+ Kg8 40. Rgxg6+
Kh7 41. Qh4# 1-0

[Event "Euro Online U2300 Day 1"]
[Site "chess.com INT"]
[Date "2020.05.25"]
[Round "4"]
[White "Asgeirsson, Heimir"]
[Black "Kusa, Jakub"]
[Result "0-1"]
[WhiteElo "2204"]
[BlackElo "2177"]
[WhiteFideId "2301083"]
[BlackFideId "395595"]
[EventDate "2020.05.25"]

1. d4 Nf6 2. c4 e6 3. Nc3 d5 4. Nf3 Be7 5. Bg5 Nbd7 6. e3 h6 7. Bh4 O-O 8. Bd3
c5 9. cxd5 Nxd5 10. Bxe7 Nxe7 11. O-O b6 12. Be4 Rb8 13. Qe2 Nf6 14. Rfd1 Nxe4
15. Nxe4 Qc7 16. dxc5 bxc5 17. Rac1 Qb6 18. b3 Ba6 19. Qc2 Bb7 20. Nd6 Bxf3 21.
gxf3 Nd5 22. Qxc5 Qa6 23. Rd2 Rfd8 24. Nc4 Rbc8 25. Qd4 Nb6 26. Qc3 Rxd2 27.
Qxd2 Nxc4 28. bxc4 Rc5 29. Rc2 Qb7 30. Kg2 Rg5+ 31. Kf1 Qxf3 32. Qd4 e5 33. Qd8+
Kh7 34. Qd7 Rh5 35. Ke1 Rxh2 36. Qd3+ e4 37. Qe2 Qf6 38. Qg4 Rh4 39. Qg2 Qe5 40.
c5 Rh2 41. Qg1 Qa1+ 42. Ke2 Qxg1 0-1

[Event "Euro Online U2300 Day 1"]
[Site "chess.com INT"]
[Date "2020.05.25"]
[Round "4"]
[White "Melnikov, Sergey"]
[Black "Toman, Jan"]
[Result "1-0"]
[WhiteElo "2039"]
[BlackElo "2072"]
[WhiteFideId "34141062"]
[BlackFideId "321451"]
[EventDate "2020.05.25"]

1. d4 Nf6 2. c4 c5 3. d5 e6 4. Nc3 exd5 5. cxd5 d6 6. e4 g6 7. h3 Bg7 8. Nf3 O-O
9. Bf4 Re8 10. Bd3 c4 11. Bc2 b5 12. a3 Nh5 13. Bh2 Qb6 14. O-O Nd7 15. Re1 Bb7
16. Nxb5 Qxb5 17. Ba4 Qxb2 18. Bxd7 Qxa1 19. Qxa1 Bxa1 20. Bxe8 Rxe8 21. Rxa1
Rxe4 22. Bxd6 Bxd5 23. Rb1 Re8 24. Nd4 Nf6 25. Bc5 a6 26. Rb6 Ne4 27. Bb4 Ra8
28. f3 Ng3 29. Kf2 Nh5 30. Rd6 Nf4 31. Kg3 g5 32. Bd2 Nd3 33. Rxd5 Rc8 34. Bc3
Nc1 35. Rxg5+ Kf8 36. Bb4+ Ke8 37. Rg8+ Kd7 38. Rxc8 Kxc8 39. Kf2 Kd7 40. Ne2
Kc6 41. Nxc1 1-0

[Event "Euro Online U2300 Day 1"]
[Site "chess.com INT"]
[Date "2020.05.25"]
[Round "4"]
[White "Voyska, Margarita"]
[Black "Altarbosh, Ward"]
[Result "0-1"]
[WhiteTitle "WGM"]
[BlackTitle "FM"]
[WhiteElo "2219"]
[BlackElo "2234"]
[WhiteFideId "2900602"]
[BlackFideId "7601450"]
[EventDate "2020.05.25"]

1. e4 e6 2. c4 d5 3. exd5 exd5 4. cxd5 Qxd5 5. Nc3 Qe5+ 6. Be2 Nf6 7. Nf3 Qa5 8.
O-O Be7 9. Bb5+ c6 10. Bc4 O-O 11. d4 Bg4 12. h3 Bh5 13. Qd3 Nbd7 14. Bd2 Qc7
15. Rac1 Rae8 16. Rfe1 Bg6 17. Qf1 Bd6 18. Nh4 Bh2+ 19. Kh1 Bf4 20. Nxg6 hxg6
21. Qd3 Bxd2 22. Qxd2 Qd6 23. Kg1 Nb6 24. Bb3 Rd8 25. Rcd1 Nbd5 26. Ne4 Nxe4 27.
Rxe4 Rfe8 28. Qe2 Rxe4 29. Qxe4 Kf8 30. g3 Re8 31. Qh4 Kg8 32. Qg4 a5 33. a3 Re6
34. Kg2 b5 35. Rd2 Rf6 36. Re2 Re6 37. Rxe6 Qxe6 38. Qxe6 fxe6 39. Kf3 Kf7 40.
h4 Ne7 41. g4 Kf6 42. Ke4 Nd5 43. g5+ Ke7 44. Ke5 Kd7 45. f4 Ke7 46. Bc2 Ne3 47.
Bxg6 Nc4+ 48. Ke4 Nxb2 49. h5 Nc4 50. h6 Nd6+ 0-1

[Event "Euro Online U2300 Day 1"]
[Site "chess.com INT"]
[Date "2020.05.25"]
[Round "4"]
[White "Santos, Luis"]
[Black "Spirliadis, Achileas"]
[Result "1-0"]
[WhiteTitle "IM"]
[WhiteElo "2269"]
[BlackElo "2149"]
[WhiteFideId "1900056"]
[BlackFideId "4215770"]
[EventDate "2020.05.25"]

1. c4 Nf6 2. Nc3 d6 3. d4 Nc6 4. d5 Ne5 5. e4 e6 6. f4 Ng6 7. Nf3 c6 8. Be3 cxd5
9. cxd5 Ng4 10. Qd2 Nxe3 11. Qxe3 Be7 12. Bb5+ Bd7 13. dxe6 fxe6 14. Bc4 Rc8 15.
Bb3 Qb6 16. Qxb6 axb6 17. g3 Bf6 18. Kd2 Ke7 19. Rac1 Rc5 20. Ne1 Rhc8 21. Nd3
Ra5 22. Ne2 Raa8 23. Rxc8 Rxc8 24. Nc3 Bc6 25. Re1 Bd4 26. Bxe6 Kxe6 27. f5+ Kd7
28. fxg6 hxg6 29. Rf1 Bxc3+ 30. bxc3 Bxe4 31. Rf7+ Ke6 32. Rxg7 Ra8 33. Nf4+ Kf6
34. Rd7 Rxa2+ 35. Ke3 d5 36. Rxb7 Rxh2 37. Rxb6+ Kg5 38. Rd6 Kg4 39. Nxd5 Kxg3
40. Kxe4 g5 41. Rg6 Kg4 42. Ne3+ Kh5 43. Rg8 Ra2 44. c4 Ra4 45. Kd5 Ra3 46. Nf5
Kg4 47. Nd4 Kf4 48. Ne6+ Kf5 49. Rxg5+ Kf6 50. Rg4 Rd3+ 51. Nd4 Ke7 52. Rg7+ Kd8
53. c5 Rc3 54. c6 Kc8 55. Rg8+ Kc7 56. Nb5+ 1-0

[Event "Euro Online U2300 Day 1"]
[Site "chess.com INT"]
[Date "2020.05.25"]
[Round "4"]
[White "Agrafenin, Andrey"]
[Black "Skliarov, Viktor"]
[Result "0-1"]
[BlackTitle "IM"]
[WhiteElo "2017"]
[BlackElo "2376"]
[WhiteFideId "13506544"]
[BlackFideId "14106736"]
[EventDate "2020.05.25"]

1. c4 e5 2. Nc3 Bb4 3. Nd5 Ba5 4. g3 c6 5. Nc3 Nf6 6. Bg2 d5 7. cxd5 cxd5 8. d4
exd4 9. Qxd4 Nc6 10. Qc5 d4 11. Bxc6+ bxc6 12. b4 Bb6 13. Qe5+ Be6 14. Ne4 Nxe4
15. Qxe4 O-O 16. Nf3 Bd5 17. Qd3 Re8 18. O-O Be4 19. Qd1 d3 20. exd3 Bxd3 21.
Re1 Be2 22. Qxd8 Raxd8 23. Nh4 Bd4 24. Rb1 Bd3 25. Bg5 Bxb1 26. Rxb1 f6 27. Be3
Bxe3 28. fxe3 Rxe3 29. Kf2 Ra3 30. Rb2 Ra4 31. Nf5 Kf7 32. Ne3 Rd4 33. b5 cxb5
34. Rxb5 Rxa2+ 35. Kf3 Rd7 36. h4 a5 37. h5 Ra7 38. h6 gxh6 39. Ng4 a4 40. Nxh6+
Kg6 41. Ng4 a3 42. Rb6 Rb2 43. Rxf6+ Kg7 0-1

[Event "Euro Online U2300 Day 1"]
[Site "chess.com INT"]
[Date "2020.05.25"]
[Round "4"]
[White "Bulatov, Ramil"]
[Black "Agrest, Inna"]
[Result "1-0"]
[BlackTitle "WIM"]
[WhiteElo "2222"]
[BlackElo "2284"]
[WhiteFideId "4166140"]
[BlackFideId "1708830"]
[EventDate "2020.05.25"]

1. d4 Nf6 2. Nf3 g6 3. Bg5 Bg7 4. Nbd2 d5 5. c3 O-O 6. e3 c5 7. dxc5 Nc6 8. Nb3
e5 9. Bb5 Re8 10. O-O a6 11. Be2 h6 12. Bh4 Be6 13. Rc1 Qe7 14. c4 Rad8 15. cxd5
Bxd5 16. Qc2 Nb4 17. Qb1 g5 18. Bg3 Be4 19. Qa1 Nc2 20. Rxc2 Bxc2 21. Bxe5 Bxb3
22. axb3 Qxc5 23. Bd4 Qf5 24. h3 h5 25. Bc3 g4 26. hxg4 hxg4 27. Nd4 Qg6 28. Qb1
Ne4 29. Bd3 g3 30. fxg3 Qxg3 31. Nf5 Nxc3 32. bxc3 Qe5 33. Bc4 Rd7 34. Rf4 b5
35. Bd3 Qxc3 36. Be4 Red8 37. Qa2 Rd1+ 38. Kh2 Qf6 39. Rg4 Kf8 40. Qa3+ Kg8 41.
Rxg7+ Kh8 42. Rg4 1-0

[Event "Euro Online U2300 Day 1"]
[Site "chess.com INT"]
[Date "2020.05.25"]
[Round "4"]
[White "Eminov, Orkhan"]
[Black "Stefan, Romulus-Cristian"]
[Result "1-0"]
[WhiteTitle "FM"]
[BlackTitle "CM"]
[WhiteElo "2327"]
[BlackElo "2151"]
[WhiteFideId "13402153"]
[BlackFideId "1232835"]
[EventDate "2020.05.25"]

1. e4 c5 2. c3 e6 3. d4 d5 4. e5 Ne7 5. Nf3 Nec6 6. Na3 b6 7. h4 h6 8. Bd3 Ba6
9. Bxa6 Nxa6 10. Qa4 Nb8 11. O-O Qd7 12. Qd1 Be7 13. Nc2 Na5 14. Ne3 Qb5 15. h5
Nbc6 16. Rb1 cxd4 17. cxd4 Rc8 18. b4 Nc4 19. a4 Nxe3 20. Bxe3 Qc4 21. b5 Nb4
22. Rc1 Nc2 23. Ne1 Nxe3 24. Rxc4 Nxc4 25. Nd3 O-O 26. Qe2 Na5 27. f4 Rc4 28.
Qf2 Nb3 29. f5 exf5 30. Qxf5 Nxd4 31. Qd7 Bg5 32. Qxd5 Rxa4 33. g3 Ne6 34. Nf2
Rd4 35. Qb7 Be3 36. Kh1 Ng5 37. Nd1 Bd2 38. Qxa7 Ba5 39. Ne3 Re4 40. Nf5 Rxe5
41. Ne7+ Kh7 42. Ng6 Rfe8 43. Nxe5 Rxe5 44. Qd7 Bb4 45. Qd3+ Kg8 46. Rc1 Bc5 47.
Ra1 Re8 48. Qd7 Re5 49. Ra8+ Kh7 50. Qd3+ f5 51. Kg2 Re4 52. Kf1 Re5 53. Qd8 1-0

[Event "Euro Online U2300 Day 1"]
[Site "chess.com INT"]
[Date "2020.05.25"]
[Round "4"]
[White "Strejczek, Dariusz"]
[Black "Farkas, Lajos Dr."]
[Result "1-0"]
[WhiteElo "2149"]
[BlackElo "2191"]
[WhiteFideId "1122142"]
[BlackFideId "711390"]
[EventDate "2020.05.25"]

1. e4 c6 2. d4 d5 3. Nc3 dxe4 4. Nxe4 Bf5 5. Ng3 Bg6 6. h4 h6 7. h5 Bh7 8. Bc4
e6 9. Nf3 Bd6 10. Ne2 Nf6 11. c3 Nbd7 12. Bf4 Qc7 13. Qd2 Ne4 14. Qe3 Ndf6 15.
Ne5 Qb6 16. Nxf7 Bxf4 17. Nxf4 Qxb2 18. O-O O-O 19. Ne5 Nd5 20. Bxd5 exd5 21.
Rab1 Qxc3 22. Rxb7 Rae8 23. Rc1 Qxe3 24. fxe3 Ng3 25. Rxc6 Rxf4 26. exf4 Ne2+
27. Kf2 Nxf4 28. g4 Be4 29. Rxa7 Rf8 30. Ke3 Ng2+ 31. Ke2 Nf4+ 32. Ke3 Ng2+ 33.
Kd2 Rb8 34. Rcc7 Rb2+ 35. Kc3 Rc2+ 36. Kb4 Rxc7 37. Rxc7 Nf4 38. Rc8+ Kh7 39. a4
Ne6 40. a5 Nxd4 41. a6 Ne6 42. Ng6 Bxg6 43. hxg6+ Kxg6 44. a7 1-0

[Event "Euro Online U2300 Day 1"]
[Site "chess.com INT"]
[Date "2020.05.25"]
[Round "4"]
[White "Roque, Gaetan"]
[Black "Prigodin, Ruslan"]
[Result "1-0"]
[WhiteElo "2128"]
[BlackElo "2036"]
[WhiteFideId "20666934"]
[BlackFideId "12801550"]
[EventDate "2020.05.25"]

1. d4 d5 2. Bf4 c5 3. e3 cxd4 4. exd4 Nc6 5. Nf3 Nf6 6. c3 Bg4 7. Nbd2 e6 8. Qb3
Qc8 9. Ne5 Nxe5 10. Bxe5 a6 11. Bxf6 gxf6 12. Bd3 Bd6 13. Rc1 Bh5 14. O-O Qd7
15. c4 dxc4 16. Nxc4 Bc7 17. Qxb7 O-O 18. Qe4 Bg6 19. Qe3 Rfd8 20. Bxg6 hxg6 21.
Rfd1 g5 22. Qf3 Kg7 23. d5 exd5 24. Ne3 Bf4 25. Rxd5 Qe6 26. Rcd1 Rxd5 27. Nxd5
Rd8 28. Nxf4 Rxd1+ 29. Qxd1 gxf4 30. a3 f3 31. gxf3 Qe5 32. b4 Qg5+ 33. Kf1 a5
34. bxa5 Qxa5 35. Qd6 Qb5+ 36. Kg1 Qf5 37. h4 Kh7 38. Kg2 Qg6+ 39. Qg3 Qd3 40.
a4 Qc3 41. h5 Qc5 42. Qf4 Qxh5 43. Qh2 Qxh2+ 44. Kxh2 1-0

[Event "Euro Online U2300 Day 1"]
[Site "chess.com INT"]
[Date "2020.05.25"]
[Round "4"]
[White "De Blecourt, Sandra"]
[Black "Dornbusch, Tatiana"]
[Result "0-1"]
[WhiteTitle "WFM"]
[BlackTitle "WGM"]
[WhiteElo "2038"]
[BlackElo "2268"]
[WhiteFideId "1004948"]
[BlackFideId "14107449"]
[EventDate "2020.05.25"]

1. d4 Nf6 2. c4 c5 3. d5 b5 4. cxb5 a6 5. bxa6 g6 6. Nc3 Bxa6 7. e4 Bxf1 8. Kxf1
d6 9. Nf3 Qc8 10. Qe2 Bg7 11. a4 O-O 12. h4 Qa6 13. Qxa6 Nxa6 14. Bg5 Rfb8 15.
Rb1 Rb4 16. e5 Ng4 17. Bxe7 Nxe5 18. Nd2 Nc4 19. Nxc4 Rxc4 20. Rh3 Be5 21. Nb5
Rxa4 22. Bxd6 Bxd6 23. Nxd6 Rd8 24. Nb5 Nb4 25. d6 Ra5 26. Na3 Ra4 27. Rd1 Nc6
28. Nb5 Rb4 29. Nc3 Rxb2 30. Nd5 Nd4 31. d7 Kg7 0-1

[Event "Euro Online U2300 Day 1"]
[Site "chess.com INT"]
[Date "2020.05.25"]
[Round "4"]
[White "Mikadze, Miranda"]
[Black "Usmanov, Ilnur"]
[Result "0-1"]
[WhiteTitle "WGM"]
[WhiteElo "2269"]
[BlackElo "2147"]
[WhiteFideId "13603108"]
[BlackFideId "4111303"]
[EventDate "2020.05.25"]

1. e4 c6 2. d4 d5 3. e5 Bf5 4. Bd3 Bxd3 5. Qxd3 e6 6. Nf3 c5 7. O-O Nc6 8. dxc5
Bxc5 9. c4 Nge7 10. Nc3 Nb4 11. Qe2 O-O 12. a3 Nbc6 13. Rd1 a5 14. Bg5 Qd7 15.
Rac1 Ba7 16. h4 h6 17. Bf4 Rfd8 18. h5 Rac8 19. Ne4 Nf5 20. c5 b6 21. g4 Nfe7
22. cxb6 Bxb6 23. Bxh6 Qc7 24. Nf6+ gxf6 25. exf6 Qg3+ 26. Kf1 Qh3+ 27. Ke1 Qxg4
28. fxe7 Nxe7 29. Bg5 Rd7 30. h6 Qf5 31. Be3 Bxe3 32. Qxe3 Rdc7 33. Rxc7 Rxc7
34. Nd4 Qg6 35. Ke2 Rb7 36. Rd2 Kh7 37. Nf3 Qxh6 38. Ng5+ Kg6 39. f4 Nf5 40. Qf2
Qh5+ 41. Kd3 e5 42. Kc2 Nd4+ 43. Kb1 Qh1+ 44. Ka2 Nb3 45. Rc2 Qa1# 0-1